00941cpcaa2200265 4500001001300000003000400013005001700017008004100034010001700075040002400092072001200116110002300128245004300151300002300194506002200217520006600239533008400305535005700389545009700446546003600543650002000579650002400599651003500623999001700658mm 80065477 DLC20260227111705.0800918|||||||||||| eng  amm 80065477  aDLCcDLCedacsdDLC 7aN2lcmd2 aTexas Association.00aTexas Association records,f1844-1845. a1fmicrofilm reel.0 aOpen to research.8 aRecords pertaining to the settlement of Mercer Colony, Texas. aMicrofilm of originals in the Louisville Free Public Library (Louisville, Ky.).1 aKentucky: Louisville Free Public Library, Louisville1 aCompany formed in 1844 for the settlement of Mercer Colony, Texas. Based in Louisville, Ky. aCollection material in English. 0aLand companies. 0aLand grantszTexas. 0aMercer Colony (Tex.)xHistory. c42930d42930